الشراكة الأوروبية المتوسطة : من برشلونة إلى سياسة الجوار / (رقم التسجيلة. 114388)
[ عرض عادي ]
| 000 -LEADER | |
|---|---|
| fixed length control field | 00937nam a22002417a 4500 |
| 005 - DATE AND TIME OF LATEST TRANSACTION | |
| control field | 20251108174638.0 |
| 008 - FIXED-LENGTH DATA ELEMENTS--GENERAL INFORMATION | |
| fixed length control field | 250721s2007 xx 000 0 ara d |
| 082 14 - DEWEY DECIMAL CLASSIFICATION NUMBER | |
| Classification number | 338.9/مرك |
| 100 1# - MAIN ENTRY--PERSONAL NAME | |
| Personal name | الحوراني، هاني |
| Relator term | مشرف |
| 245 10 - TITLE STATEMENT | |
| Title | الشراكة الأوروبية المتوسطة : من برشلونة إلى سياسة الجوار / |
| 264 1# - PRODUCTION, PUBLICATION, DISTRIBUTION, MANUFACTURE, AND COPYRIGHT NOTICE | |
| Place of production, publication, distribution, manufacture | عمان : |
| Name of producer, publisher, distributor, manufacturer | مركز الأردن الجديد للدراسات، |
| Date of production, publication, distribution, manufacture, or copyright notice | 2007. |
| 300 ## - PHYSICAL DESCRIPTION | |
| Extent | 174ص. |
| 500 ## - GENERAL NOTE | |
| General note | يحتوي الكتاب على لغتين (العربية و الانجليزية) |
| 650 17 - SUBJECT ADDED ENTRY--TOPICAL TERM | |
| Topical term or geographic name as entry element | التنميه الاقتصاديه و الاجتماعيه |
| 650 17 - SUBJECT ADDED ENTRY--TOPICAL TERM | |
| Topical term or geographic name as entry element | اوروبا |
| 650 17 - SUBJECT ADDED ENTRY--TOPICAL TERM | |
| Topical term or geographic name as entry element | الشرق الاوسط |
| 650 17 - SUBJECT ADDED ENTRY--TOPICAL TERM | |
| Topical term or geographic name as entry element | التنميه السياسيه |
| 650 17 - SUBJECT ADDED ENTRY--TOPICAL TERM | |
| Topical term or geographic name as entry element | التجاره الحره |
| 700 1# - ADDED ENTRY--PERSONAL NAME | |
| Personal name | أبو رمان، حسين |
| Relator term | محرر |
| 700 1# - ADDED ENTRY--PERSONAL NAME | |
| Personal name | الطاهر، مي |
| Relator term | محرر |
| 942 ## - ADDED ENTRY ELEMENTS (KOHA) | |
| Source of classification or shelving scheme | Dewey Decimal Classification |
| Koha item type | كتب |
| حالة السحب | حالة الفقدان | مصدر التصنيف | حالة التلف | غير قابل للإعارة | المكتبة الرئيسية | المكتبة الحالية | موقع الرف | تاريخ التزويد | الرقم المتسلسل | Total Checkouts | رقم الإستدعاء | الباركود | تاريخ آخر ظهور | تاريخ الفاتورة | نوع المادة (كوها) |
|---|---|---|---|---|---|---|---|---|---|---|---|---|---|---|---|
| Dewey Decimal Classification | المكتبة المركزية | المكتبة المركزية | الإعارة | 09/09/2014 | 1581230 | 338.9/مرك | PLD00306223 | 28/07/2025 | 09/09/2014 | كتب | |||||
| Dewey Decimal Classification | المكتبة المركزية | المكتبة المركزية | الإعارة | 08/11/2016 | 1629387 | 338.9/مرك | PLD00398301 | 28/07/2025 | 08/11/2016 | كتب | |||||
| Dewey Decimal Classification | مكتبة أبو علندا العامة | مكتبة أبو علندا العامة | الإعارة | 13/10/2008 | 1226934 | 338.9/مرك | PLD00044997 | 28/07/2025 | 13/10/2008 | كتب | |||||
| Dewey Decimal Classification | مكتبة أم قصير والمقابلين العامة | مكتبة أم قصير والمقابلين العامة | الإعارة | 13/10/2008 | 1226933 | 338.9/مرك | PLD00044996 | 28/07/2025 | 13/10/2008 | كتب | |||||
| Dewey Decimal Classification | مكتبة الأميرة ايمان العامة | مكتبة الأميرة ايمان العامة | الإعارة | 13/10/2008 | 1226926 | 338.9/مرك | PLD00044989 | 28/07/2025 | 13/10/2008 | كتب | |||||
| Dewey Decimal Classification | مكتبة الاميرة بديعة | مكتبة الاميرة بديعة | الإعارة | 13/10/2008 | 1226929 | 338.9/مرك | PLD00044992 | 28/07/2025 | 13/10/2008 | كتب | |||||
| Dewey Decimal Classification | مكتبة الحسن العامة | مكتبة الحسن العامة | الإعارة | 13/10/2008 | 1226931 | 338.9/مرك | PLD00044994 | 28/07/2025 | 13/10/2008 | كتب | |||||
| Dewey Decimal Classification | مكتبة النصر العامة | مكتبة النصر العامة | الإعارة | 13/10/2008 | 1226936 | 338.9/مرك | PLD00044999 | 28/07/2025 | 13/10/2008 | كتب | |||||
| Dewey Decimal Classification | مكتبة حمزة العامة | مكتبة حمزة العامة | الإعارة | 13/10/2008 | 1226932 | 338.9/مرك | PLD00044995 | 28/07/2025 | 13/10/2008 | كتب | |||||
| Dewey Decimal Classification | مكتبة صويلح العامة | مكتبة صويلح العامة | الإعارة | 13/10/2008 | 1226927 | 338.9/مرك | PLD00044990 | 28/07/2025 | 13/10/2008 | كتب | |||||
| Dewey Decimal Classification | مكتبة وادي السير العامة | مكتبة وادي السير العامة | الإعارة | 13/10/2008 | 1226935 | 338.9/مرك | PLD00044998 | 28/07/2025 | 13/10/2008 | كتب |